000 00544nam a2200193Ia 4500
005 20250508162748.0
008 008 250505s9999 xx 000 0 eng d
037 _aTextual
040 _aFEDL
_beng
_cFEDL
041 _aeng
_2eng
084 _a370.954, VIR
_qFEDL
100 _aVirendra Singh Ias
_9773999
245 0 _aEducation : Concept and management
260 _aNew Delhi, India
_bSar Publishers
_c1991
300 _axii,252p.
650 _aEducation
942 _cTEXL
_h370.954, VIR
999 _c1378551
_d1378551